000 00342nam a2200133Ia 4500
008 220216s9999 xx 000 0 und d
100 _aSekhar B C
245 0 _aUrgent need for socio-economic corporation
260 _bRubber Asia
_c2001
300 _a27-31
650 _aNR processing
650 _aSocio-economic corporation
942 _cJS
999 _c71786
_d71786